[Event "Buenos Aires Najdorf"]
[Site "Buenos Aires"]
[Date "1991.??.??"]
[Round "5"]
[White "Larsen, Bent"]
[Black "Nogueiras, Jesus"]
[Result "1/2-1/2"]
[WhiteElo "2560"]
[BlackElo "2540"]
[PlyCount "57"]
[EventDate "1991.04.??"]
[Source "ChessBase"]

1. c4 e6 2. Nc3 d5 3. d4 Nf6 4. Bg5 Be7 5. e3 O-O 6. Rc1 Nbd7 7. Nf3 Re8 8. Be2 dxc4 9. Bxc4 a6 10. a3 b5 11. Ba2 Bb7 12. O-O c5 13. Qe2 Qb6 14. Rfd1 Rad8 15. dxc5 Nxc5 16. Rxd8 Bxd8 17. Nd4 h6 18. Bh4 Nfe4 19. Nxe4 Bxe4 20. Bxd8 Rxd8 21. h3 Nd3 22. Rc3 Ne5 23. f3 Bd5 24. Bxd5 Rxd5 25. b3 Rc5 26. Qc2 Rxc3 27. Qxc3 Qd6 28. f4 Ng6 29. b4 1/2-1/2